[Event "October Lviv Tradition"]
[Site "Lviv"]
[Date "2018.10.24"]
[Round "1.1"]
[White "Bondarets, Vadim"]
[Black "Voloshynskyi, Liubomyr"]
[Result "1-0"]
[WhiteElo "2246"]
[BlackElo "2103"]
[PlyCount "89"]
[EventDate "2018.??.??"]

1. e4 e5 2. Nc3 Nc6 3. f4 exf4 4. Nf3 g5 5. h3 Bg7 6. d4 h5 7. d5 Ne5 8. Nd4 d6
9. Bb5+ Bd7 10. h4 Bxb5 11. Ncxb5 a6 12. Nf5 Bf6 13. Nbd4 gxh4 14. Bxf4 Ne7 15.
Qe2 N7g6 16. Bd2 Qd7 17. O-O-O O-O-O 18. Rh3 Rde8 19. Ra3 Ne7 20. Nxe7+ Rxe7
21. Rf1 Bg7 22. Nf5 Bf8 23. Nxe7+ Bxe7 24. Rf5 Rg8 25. Rh3 Qa4 26. Kb1 Qd4 27.
Rh1 Rg4 28. Bc3 Qxe4 29. Qxe4 Rxe4 30. Re1 Rg4 31. Bxe5 dxe5 32. Rfxe5 Bg5 33.
R5e2 Kd7 34. b3 Kd6 35. c4 b5 36. Rc2 bxc4 37. bxc4 Kc5 38. Rf1 f6 39. Rf5 Kb4
40. c5 Be3 41. a3+ Kb5 42. c6 Kb6 43. d6 Rd4 44. d7 Bg5 45. Rf3 1-0

[Event "October Lviv Tradition"]
[Site "Lviv"]
[Date "2018.10.24"]
[Round "1.2"]
[White "Mosesov, Danylo"]
[Black "Tokranovs, Dmitrijs"]
[Result "1-0"]
[WhiteElo "2284"]
[BlackElo "2332"]
[PlyCount "95"]
[EventDate "2018.??.??"]

1. Nf3 d5 2. c4 d4 3. b4 c5 4. g3 cxb4 5. a3 bxa3 6. Bxa3 Nc6 7. Bg2 e5 8. Bxf8
Kxf8 9. O-O g6 10. d3 Kg7 11. Nbd2 Nge7 12. Qa4 Qc7 13. Rfb1 Rd8 14. Ne4 Rb8
15. h3 h6 16. g4 b6 17. Qa3 a5 18. Rc1 Be6 19. Rab1 f5 20. gxf5 gxf5 21. Ng3
Ng6 22. Rb5 Nb4 23. h4 Bd7 24. h5 e4 25. dxe4 fxe4 26. Nxd4 Nf4 27. Ndf5+ Bxf5
28. Nxf5+ Kh7 29. Bxe4 Nxe2+ 30. Kf1 Qf4 31. Nd6+ Kg8 32. Kxe2 Qxd6 33. Rg1+
Kh8 34. Qb2+ Qd4 35. Qxd4+ Rxd4 36. Ke3 Rxc4 37. Rg6 Rc5 38. Rxh6+ Kg7 39. Rh7+
Kf6 40. Rxc5 bxc5 41. h6 Kg5 42. f4+ Kh5 43. f5 Rb6 44. Kf4 a4 45. Rh8 a3 46.
h7 Kh6 47. Ra8 Kxh7 48. f6+ 1-0

[Event "October Lviv Tradition"]
[Site "Lviv"]
[Date "2018.10.24"]
[Round "1.3"]
[White "Kyrychenko, Maryan"]
[Black "Karpus, Michal"]
[Result "1/2-1/2"]
[WhiteElo "2236"]
[BlackElo "2372"]
[PlyCount "108"]
[EventDate "2018.??.??"]

1. e4 e5 2. Nf3 Nc6 3. d4 exd4 4. c3 dxc3 5. Nxc3 Bb4 6. Bc4 d6 7. O-O Bxc3 8.
bxc3 Nf6 9. e5 Nxe5 10. Nxe5 dxe5 11. Qxd8+ Kxd8 12. Bxf7 Ke7 13. Bb3 Be6 14.
Re1 Bxb3 15. axb3 Nd7 16. f4 Ke6 17. c4 Rhf8 18. g3 Kf7 19. fxe5 Ke6 20. b4 Rf5
21. Bb2 Nb6 22. Re4 Raf8 23. c5 Nd5 24. b5 Rf2 25. Bd4 Rd2 26. Rxa7 Rf3 27. Ra1
Rb3 28. b6 cxb6 29. cxb6 Rb4 30. Bc3 Rxe4 31. Bxd2 Re2 32. Be1 Ne3 33. Bc3 Rg2+
34. Kh1 Rc2 35. Bd4 Ng4 36. h4 Rd2 37. Bg1 Nxe5 38. Ra7 Rd7 39. Kg2 h5 40. Be3
Nc4 41. Bf2 Kd5 42. Ra1 Rf7 43. Rd1+ Ke6 44. Rc1 Nd6 45. Re1+ Kd7 46. Rd1 g6
47. g4 hxg4 48. Bc5 Rf6 49. Kg3 Kc6 50. Rxd6+ Rxd6 51. Bxd6 Kxd6 52. Kxg4 Ke6
53. Kg5 Kf7 54. Kf4 Kf8 1/2-1/2

[Event "October Lviv Tradition"]
[Site "Lviv"]
[Date "2018.10.24"]
[Round "1.4"]
[White "Czerw, Dawid"]
[Black "Fiedorek, Michal"]
[Result "1/2-1/2"]
[WhiteElo "2286"]
[BlackElo "2128"]
[PlyCount "74"]
[EventDate "2018.??.??"]

1. d4 Nf6 2. c4 g6 3. Nc3 Bg7 4. e4 d6 5. Be2 O-O 6. Nf3 Nbd7 7. O-O e5 8. Be3
Qe7 9. Qc2 c6 10. Rad1 exd4 11. Nxd4 Re8 12. f3 Ne5 13. Qd2 a6 14. Kh1 b5 15.
cxb5 axb5 16. f4 Nc4 17. Bxc4 bxc4 18. Bg1 Bg4 19. Rde1 Qb7 20. f5 c5 21. Ndb5
Rxe4 22. Nxe4 Nxe4 23. Qf4 Bxf5 24. Nxd6 Nxd6 25. Qxd6 Be4 26. Rf2 Re8 27. Qd2
f5 28. Rfe2 f4 29. Bxc5 f3 30. Rxe4 Rxe4 31. Qd8+ Kf7 32. Rd1 fxg2+ 33. Kg1 Ke6
34. Qd6+ Kf7 35. Qd8 Ke6 36. Qd6+ Kf7 37. Qd8 Ke6 1/2-1/2

[Event "October Lviv Tradition"]
[Site "Lviv"]
[Date "2018.10.24"]
[Round "1.5"]
[White "Shkuran, Danylo"]
[Black "Nester, Ihor"]
[Result "1/2-1/2"]
[WhiteElo "2371"]
[BlackElo "2329"]
[PlyCount "61"]
[EventDate "2018.??.??"]

1. e4 e5 2. Nf3 Nc6 3. Bb5 a6 4. Ba4 Nf6 5. Qe2 Be7 6. c3 b5 7. Bb3 O-O 8. O-O
d5 9. d3 Bb7 10. Nbd2 Re8 11. Rd1 Bf8 12. a4 Na5 13. axb5 axb5 14. Bc2 c5 15.
Rb1 Qc7 16. Nf1 c4 17. Ng3 dxe4 18. dxe4 b4 19. cxb4 Bxb4 20. Bd2 Bxd2 21. Qxd2
Qb6 22. h3 Rac8 23. Qc3 Qc5 24. Rd2 Nb3 25. Bxb3 cxb3 26. Qxb3 Bxe4 27. Nxe4
Nxe4 28. Re2 Nd6 29. Qe3 Qxe3 30. Rxe3 e4 31. Nd4 1/2-1/2

[Event "October Lviv Tradition"]
[Site "Lviv"]
[Date "2018.10.25"]
[Round "2.1"]
[White "Voloshynskyi, Liubomyr"]
[Black "Nester, Ihor"]
[Result "1/2-1/2"]
[WhiteElo "2103"]
[BlackElo "2329"]
[PlyCount "75"]
[EventDate "2018.??.??"]

1. e4 e5 2. Nf3 Nc6 3. Bb5 a6 4. Ba4 Nf6 5. O-O Be7 6. Re1 b5 7. Bb3 d6 8. c3
O-O 9. h3 Nb8 10. d4 Nbd7 11. Nbd2 Bb7 12. Bc2 Re8 13. Nf1 Bf8 14. Ng3 g6 15.
Bg5 h6 16. Bd2 Bg7 17. a4 c5 18. d5 c4 19. axb5 axb5 20. Rxa8 Qxa8 21. Qa1 Nc5
22. Be3 Nfd7 23. Qc1 Kh7 24. Nh2 Qd8 25. Qa1 Qc7 26. Ng4 Ra8 27. Qc1 h5 28. Nh2
Ra2 29. Nf3 Kg8 30. Bb1 Ra1 31. Qd2 Nf6 32. Bh6 h4 33. Bxg7 Kxg7 34. Nxh4 Nh7
35. Bc2 Ra2 36. Bb1 Ra1 37. Bc2 Ra2 38. Bb1 1/2-1/2

[Event "October Lviv Tradition"]
[Site "Lviv"]
[Date "2018.10.25"]
[Round "2.2"]
[White "Fiedorek, Michal"]
[Black "Shkuran, Danylo"]
[Result "0-1"]
[WhiteElo "2128"]
[BlackElo "2371"]
[PlyCount "74"]
[EventDate "2018.??.??"]

1. e4 c5 2. Nf3 e6 3. d4 cxd4 4. Nxd4 a6 5. Bd3 Qc7 6. O-O Nf6 7. Qe2 d6 8. c4
Nbd7 9. Nc3 Ne5 10. Kh1 Bd7 11. Bd2 Be7 12. f4 Nxd3 13. Qxd3 O-O 14. Rae1 Rad8
15. b3 Qc5 16. Be3 Qa5 17. Bg1 e5 18. b4 Qc7 19. Nb3 exf4 20. Rxf4 d5 21. Nxd5
Nxd5 22. exd5 Qxf4 23. Rxe7 Rfe8 24. Qe2 Qf6 25. Rxe8+ Rxe8 26. Qd3 Re1 27. Qd4
Qxd4 28. Nxd4 Ra1 29. c5 Rxa2 30. c6 bxc6 31. dxc6 Bc8 32. b5 axb5 33. Nxb5 Rc2
34. Nd4 Rc1 35. h3 Be6 36. Kh2 Bd5 37. Nf5 Bxc6 0-1

[Event "October Lviv Tradition"]
[Site "Lviv"]
[Date "2018.10.25"]
[Round "2.3"]
[White "Karpus, Michal"]
[Black "Czerw, Dawid"]
[Result "1/2-1/2"]
[WhiteElo "2372"]
[BlackElo "2286"]
[PlyCount "60"]
[EventDate "2018.??.??"]

1. e4 c5 2. Nf3 Nc6 3. d4 cxd4 4. Nxd4 g6 5. c4 Nf6 6. Nc3 Nxd4 7. Qxd4 d6 8.
Be3 Bg7 9. Be2 O-O 10. Qd2 Be6 11. O-O Qa5 12. Rac1 Rfc8 13. b3 a6 14. Rfd1 b5
15. cxb5 axb5 16. f3 Bd7 17. b4 Qxb4 18. Nxb5 Qxd2 19. Rxc8+ Bxc8 20. Rxd2 Be6
21. a3 Nd7 22. Rc2 Nc5 23. Bxc5 dxc5 24. Rxc5 Rxa3 25. e5 Re3 26. Nd4 Rxe5 27.
Rxe5 Bxe5 28. Nxe6 fxe6 29. g4 Kf7 30. Kg2 Bf4 1/2-1/2

[Event "October Lviv Tradition"]
[Site "Lviv"]
[Date "2018.10.25"]
[Round "2.4"]
[White "Tokranovs, Dmitrijs"]
[Black "Kyrychenko, Maryan"]
[Result "1-0"]
[WhiteElo "2332"]
[BlackElo "2236"]
[PlyCount "83"]
[EventDate "2018.??.??"]

1. e4 c5 2. b3 Nc6 3. Bb2 e5 4. Nf3 d6 5. Bc4 a6 6. a4 Be6 7. d3 Be7 8. Nbd2
Qd7 9. Nf1 Bxc4 10. dxc4 f5 11. exf5 Nh6 12. Ng3 Nxf5 13. Nxe5 Nxe5 14. Bxe5
Qe6 15. Nxf5 Qxe5+ 16. Ne3 Qc3+ 17. Ke2 O-O 18. Qd3 Qf6 19. Raf1 Rae8 20. f4
Qh6 21. g3 g5 22. Nd5 gxf4 23. gxf4 Kh8 24. Kd2 Bf6 25. Rf3 Rf7 26. Rh3 Qg7 27.
Rg3 Qh6 28. Rh3 Qg7 29. Qg3 Rg8 30. Qxg7+ Rgxg7 31. Re1 Rg2+ 32. Kd3 Bg7 33.
Re8+ Bf8 34. f5 Rg5 35. f6 b5 36. Rg3 bxc4+ 37. Kxc4 h6 38. Ra8 Kh7 39. Rxa6
Rh5 40. h3 Re5 41. Ra8 h5 42. a5 1-0

[Event "October Lviv Tradition"]
[Site "Lviv"]
[Date "2018.10.25"]
[Round "2.5"]
[White "Bondarets, Vadim"]
[Black "Mosesov, Danylo"]
[Result "0-1"]
[WhiteElo "2246"]
[BlackElo "2284"]
[PlyCount "102"]
[EventDate "2018.??.??"]

1. c4 g6 2. Nc3 Bg7 3. Nf3 d6 4. d4 Bg4 5. h3 Bxf3 6. gxf3 Nf6 7. f4 O-O 8. Bg2
Nc6 9. O-O Nd7 10. Be3 e5 11. fxe5 dxe5 12. dxe5 Ncxe5 13. b3 c6 14. Qd2 f5 15.
Rad1 Qe8 16. f4 Nf7 17. Bd4 Nf6 18. Bc5 Rd8 19. Qc1 Nh5 20. Rxd8 Qxd8 21. Bxf8
Kxf8 22. Rd1 Qb6+ 23. Kh1 Qf2 24. e3 g5 25. Rd2 Ng3+ 26. Kh2 Nf1+ 27. Qxf1 Qxd2
28. Nd1 gxf4 29. exf4 Bh6 30. Nf2 Bxf4+ 31. Kh1 Ne5 32. h4 Ke7 33. Nh3 Nd3 34.
Nxf4 Nxf4 35. Bf3 Nd3 36. Qg1 Qc1 37. a3 Kf6 38. Be2 Qxg1+ 39. Kxg1 Nc1 40. Bd1
Ke5 41. Kf2 Kf4 42. Bc2 Na2 43. c5 Nc3 44. b4 Nb5 45. a4 Nd4 46. Bd3 h6 47. b5
Nb3 48. bxc6 bxc6 49. Bb5 cxb5 50. c6 Nc5 51. axb5 Ne6 0-1

[Event "October Lviv Tradition"]
[Site "Lviv"]
[Date "2018.10.25"]
[Round "3.1"]
[White "Mosesov, Danylo"]
[Black "Voloshynskyi, Liubomyr"]
[Result "1-0"]
[WhiteElo "2284"]
[BlackElo "2103"]
[PlyCount "103"]
[EventDate "2018.??.??"]

1. d4 Nf6 2. Bg5 g6 3. Bxf6 exf6 4. e4 Bg7 5. Nc3 d6 6. Bd3 Nc6 7. Nge2 Ne7 8.
Qd2 f5 9. exf5 Bxf5 10. O-O-O O-O 11. f3 Bxd3 12. Qxd3 Nf5 13. g4 Nh4 14. f4
Re8 15. Kb1 c6 16. Rhg1 b5 17. Ng3 b4 18. Nce4 d5 19. Nc5 Qd6 20. f5 Qf4 21.
Rgf1 Qe3 22. Na6 Qe7 23. Qd2 Qd6 24. Nxb4 a5 25. Nd3 Bxd4 26. fxg6 fxg6 27. Qh6
Qd8 28. g5 Ng2 29. Rf7 Kxf7 30. Qxh7+ Ke6 31. Qxg6+ Kd7 32. Nf5 Kc7 33. Nxd4
Qd6 34. Qf7+ Re7 35. Qf3 Qxh2 36. Qf6 Qd6 37. Qxd6+ Kxd6 38. Nf5+ Ke6 39. Nxe7
Kxe7 40. Rg1 Nh4 41. Rh1 Nf3 42. Rh7+ Ke6 43. Rh6+ Kf5 44. Rf6+ Ke4 45. g6 Rh8
46. b3 Nd2+ 47. Kc1 Ke3 48. Rxc6 Rh1+ 49. Kb2 Rb1+ 50. Ka3 Kd4 51. g7 Rg1 52.
Nf4 1-0

[Event "October Lviv Tradition"]
[Site "Lviv"]
[Date "2018.10.25"]
[Round "3.2"]
[White "Kyrychenko, Maryan"]
[Black "Bondarets, Vadim"]
[Result "1/2-1/2"]
[WhiteElo "2236"]
[BlackElo "2246"]
[PlyCount "72"]
[EventDate "2018.??.??"]

1. e4 e6 2. d4 d5 3. Nc3 Nc6 4. Nf3 Nf6 5. exd5 exd5 6. Bg5 Be7 7. Ne5 O-O 8.
Nxc6 bxc6 9. Bd3 Rb8 10. Rb1 c5 11. dxc5 Bxc5 12. O-O c6 13. Qf3 Be7 14. Rfe1
Bg4 15. Qg3 Bh5 16. Bf4 Rb7 17. Ne2 Ne4 18. Qh3 Bg6 19. Nd4 Bc5 20. Be3 Qf6 21.
c3 Rfb8 22. Rf1 h6 23. Nb3 Bd6 24. Rbd1 Ng5 25. Qg4 Bxd3 26. Rxd3 Qe5 27. Qh4
f5 28. Bc1 Qf6 29. Kh1 Re7 30. Nd4 c5 31. Nf3 Re4 32. Bxg5 Qg6 33. Bf4 Rxf4 34.
Qh3 Qe6 35. Rfd1 Rxb2 36. Rxd5 Be7 1/2-1/2

[Event "October Lviv Tradition"]
[Site "Lviv"]
[Date "2018.10.25"]
[Round "3.3"]
[White "Czerw, Dawid"]
[Black "Tokranovs, Dmitrijs"]
[Result "1/2-1/2"]
[WhiteElo "2286"]
[BlackElo "2332"]
[PlyCount "39"]
[EventDate "2018.??.??"]

1. d4 d5 2. c4 dxc4 3. e4 e5 4. Nf3 exd4 5. Bxc4 Bb4+ 6. Nbd2 c5 7. O-O Bxd2 8.
Bxd2 Nc6 9. Qb3 Qc7 10. Qa3 Qb6 11. Rac1 Bg4 12. Bd5 Bxf3 13. Qxf3 Nf6 14. Bh6
O-O 15. Qg3 Ne8 16. Bg5 Nc7 17. Bh6 Ne8 18. Bg5 Nc7 19. Bh6 Ne8 20. Bg5 1/2-1/2

[Event "October Lviv Tradition"]
[Site "Lviv"]
[Date "2018.10.25"]
[Round "3.4"]
[White "Shkuran, Danylo"]
[Black "Karpus, Michal"]
[Result "1-0"]
[WhiteElo "2371"]
[BlackElo "2372"]
[PlyCount "79"]
[EventDate "2018.??.??"]

1. e4 e5 2. Nf3 Nc6 3. Bc4 Nf6 4. d3 h6 5. Nc3 d6 6. d4 Bg4 7. d5 Nd4 8. Be3
Nxf3+ 9. gxf3 Bd7 10. Qe2 Nh5 11. O-O-O Be7 12. Rdg1 O-O 13. Bxh6 Bf6 14. Qd2
Kh7 15. Be3 Qe7 16. Bd3 g6 17. Ne2 c5 18. f4 b5 19. fxe5 dxe5 20. c3 c4 21. Bc2
Qd6 22. f4 a5 23. fxe5 Bxe5 24. Bd4 f6 25. Qe3 Rac8 26. Qf3 Rg8 27. Rg2 b4 28.
Rhg1 Rcf8 29. Be3 Be8 30. Nd4 bxc3 31. bxc3 Qa3+ 32. Kd2 Bxd4 33. Bxd4 Ba4 34.
Rxg6 Rxg6 35. Rxg6 Kxg6 36. Qg4+ Kf7 37. Qxh5+ Ke7 38. Bxa4 Rg8 39. Qh7+ Kf8
40. Qh6+ 1-0

[Event "October Lviv Tradition"]
[Site "Lviv"]
[Date "2018.10.25"]
[Round "3.5"]
[White "Nester, Ihor"]
[Black "Fiedorek, Michal"]
[Result "1-0"]
[WhiteElo "2329"]
[BlackElo "2128"]
[PlyCount "73"]
[EventDate "2018.??.??"]

1. Nf3 Nf6 2. c4 g6 3. d4 Bg7 4. g3 O-O 5. Bg2 d6 6. O-O Nc6 7. Nc3 Bg4 8. Be3
Bxf3 9. exf3 e5 10. dxe5 dxe5 11. f4 Nh5 12. Bxc6 bxc6 13. Qxd8 Rfxd8 14. fxe5
Bxe5 15. Rac1 Bd4 16. Rfe1 Bxe3 17. Rxe3 Ng7 18. b3 Nf5 19. Ree1 Rd4 20. Rcd1
Rad8 21. Rxd4 Nxd4 22. Kg2 Kg7 23. Re5 Ra8 24. Ra5 f5 25. f4 Kf6 26. Kf2 Ke7
27. Ke3 Ne6 28. Na4 Kd6 29. b4 Ke7 30. Nb2 Nf8 31. Ra6 Kd6 32. b5 Re8+ 33. Kd3
Kc5 34. Kc3 Re3+ 35. Nd3+ Kd6 36. Rxc6+ Kd7 37. Kd2 1-0

[Event "October Lviv Tradition"]
[Site "Lviv"]
[Date "2018.10.26"]
[Round "4.1"]
[White "Voloshynskyi, Liubomyr"]
[Black "Fiedorek, Michal"]
[Result "1/2-1/2"]
[WhiteElo "2103"]
[BlackElo "2128"]
[PlyCount "62"]
[EventDate "2018.??.??"]

1. e4 c5 2. Nf3 d6 3. d4 cxd4 4. Nxd4 Nf6 5. Nc3 Nc6 6. Be3 Ng4 7. Nxc6 Nxe3 8.
Nxd8 Nxd1 9. Nxf7 Nxc3 10. Nxh8 Nxe4 11. Bb5+ Bd7 12. Bxd7+ Kxd7 13. Nf7 h6 14.
f3 Nc5 15. h4 Ke6 16. Nh8 g5 17. Ng6 Bg7 18. O-O-O Kf7 19. h5 Bf6 20. Rhe1 Rc8
21. f4 b5 22. fxg5 hxg5 23. Rd5 b4 24. Kb1 Rc7 25. Rf5 Kg7 26. g4 e6 27. Rff1
Rf7 28. Re3 a5 29. Rd1 Rd7 30. Rf1 Rf7 31. Rd1 Rd7 $11 1/2-1/2

[Event "October Lviv Tradition"]
[Site "Lviv"]
[Date "2018.10.26"]
[Round "4.2"]
[White "Karpus, Michal"]
[Black "Nester, Ihor"]
[Result "1-0"]
[WhiteElo "2372"]
[BlackElo "2329"]
[PlyCount "107"]
[EventDate "2018.??.??"]

1. e4 e5 2. Nf3 Nc6 3. Bb5 a6 4. Ba4 Nf6 5. O-O Be7 6. Re1 b5 7. Bb3 d6 8. c3
O-O 9. h3 Nb8 10. d4 Nbd7 11. Nbd2 Bb7 12. Bc2 Re8 13. Nf1 Bf8 14. Ng3 g6 15.
a4 c5 16. d5 c4 17. Bg5 Nc5 18. Qd2 Be7 19. Bh6 Nfd7 20. Nh2 Bf8 21. Ng4 Qe7
22. f4 Bxh6 23. Nxh6+ Kh8 24. Rf1 Rf8 25. f5 Qh4 26. Qe3 g5 27. Ng4 f6 28. Rfb1
Kg7 29. b4 cxb3 30. Bxb3 Nxb3 31. Rxb3 Nc5 32. Rb4 h5 33. Nh2 g4 34. hxg4 hxg4
35. Rab1 Rh8 36. Nhf1 Rhc8 37. c4 Kf7 38. cxb5 axb5 39. axb5 Ra2 40. R4b2 Ra4
41. Rc2 Rd4 42. Qe2 Ra8 43. Rc3 Raa4 44. Qc2 Kg8 45. Rxc5 dxc5 46. Qxc5 Ra2 47.
Qe7 Rdd2 48. Qe8+ Kh7 49. Qf7+ Kh8 50. Nxd2 Rxd2 51. Qh5+ Qxh5 52. Nxh5 Rd4 53.
Rc1 Rxe4 54. Nxf6 1-0

[Event "October Lviv Tradition"]
[Site "Lviv"]
[Date "2018.10.26"]
[Round "4.3"]
[White "Tokranovs, Dmitrijs"]
[Black "Shkuran, Danylo"]
[Result "1/2-1/2"]
[WhiteElo "2332"]
[BlackElo "2371"]
[PlyCount "117"]
[EventDate "2018.??.??"]

1. d4 d5 2. c4 c6 3. Nc3 Nf6 4. cxd5 cxd5 5. Bf4 Nc6 6. e3 a6 7. Bd3 e6 8. Rc1
Bd6 9. Bxd6 Qxd6 10. f4 b5 11. Nf3 Bb7 12. O-O O-O 13. Ne5 Rac8 14. Qe1 Ne7 15.
Qh4 Ne4 16. g4 f6 17. Nf3 Qb4 18. Rc2 Ng6 19. Qe1 Nxc3 20. bxc3 Qd6 21. h4 Ne7
22. h5 Rc7 23. h6 g6 24. Qh4 f5 25. Ne5 Nc6 26. Nxc6 Rxc6 27. Rb1 Bc8 28. g5
Qc7 29. Qe1 Bb7 30. Rb3 Rc4 31. Kf2 Rc8 32. Ke2 Ra4 33. Kd2 Bc6 34. Qb1 Qa5 35.
Qb2 Bd7 36. Kc1 Kf7 37. Kb1 Ke7 38. Qc1 Kd8 39. Qd2 Qb6 40. Rcb2 Qa5 41. Rb4
Ra3 42. R2b3 Rxb3+ 43. Rxb3 Qc7 44. Qb2 Qd6 45. Kc2 Rc4 46. Bxc4 dxc4 47. Rb4
Qd5 48. Qc1 a5 49. Rb1 Bc6 50. Qa3 Qg2+ 51. Kc1 Be4 52. Qd6+ Ke8 53. Qxe6+ Kd8
54. Qg8+ Kd7 55. Qxh7+ Kd8 56. Qg8+ Kd7 57. Qf7+ Kd8 58. Qf6+ Kd7 59. Qf7+ $11
1/2-1/2

[Event "October Lviv Tradition"]
[Site "Lviv"]
[Date "2018.10.26"]
[Round "4.4"]
[White "Bondarets, Vadim"]
[Black "Czerw, Dawid"]
[Result "0-1"]
[WhiteElo "2246"]
[BlackElo "2286"]
[PlyCount "156"]
[EventDate "2018.??.??"]

1. c4 c5 2. Nf3 Nc6 3. d4 cxd4 4. Nxd4 g6 5. e4 Nf6 6. Nc3 Nxd4 7. Qxd4 d6 8.
Be2 Bg7 9. O-O O-O 10. Rd1 Be6 11. Qe3 Qb6 12. Qxb6 axb6 13. Be3 Rfc8 14. Nd5
Bxd5 15. exd5 b5 16. cxb5 Rc2 17. Bf3 Rxb2 18. a4 Rb4 19. h3 Ne8 20. Rac1 Rbxa4
21. b6 Ra1 22. Kh2 f5 23. Be2 R1a2 24. Bb5 Rb2 25. Rb1 Kf8 26. Rxb2 Bxb2 27.
Rd3 Nf6 28. Rb3 f4 29. Bd2 Bd4 30. Bxf4 Bxb6 31. f3 Bc5 32. Bc4 Kf7 33. Bh6 Ra4
34. Rc3 Ng8 35. Bc1 Nf6 36. g4 b6 37. Kg3 Ra5 38. g5 Nh5+ 39. Kg4 Ra4 40. f4
Rb4 41. Ba6 Ng7 42. Bc8 Rd4 43. Bb7 Nf5 44. Bc6 Rd1 45. h4 Rg1+ 46. Kh3 Rh1+
47. Kg2 Rxh4 48. Bd7 Rg4+ 49. Kh2 h5 50. Be6+ Kg7 51. Rd3 Rh4+ 52. Kg2 Rg4+ 53.
Kh2 Rg1 54. Bb2+ Kf8 55. Bxf5 gxf5 56. Rh3 Rb1 57. Bh8 b5 58. Rxh5 b4 59. g6
Kg8 60. g7 Bd4 61. Rxf5 Bxg7 62. Bxg7 Kxg7 63. Rg5+ Kf6 64. Rg2 b3 65. Rg8 Rd1
66. Rf8+ Kg6 67. Rb8 Rd3 68. Rb7 Kf6 69. Kg2 Rc3 70. Kf2 Rc2+ 71. Ke3 Rb2 72.
Rb8 Rb1 73. Rf8+ Kg7 74. Rb8 b2 75. Kd2 Rf1 76. Kc2 b1=Q+ 77. Rxb1 Rxb1 78.
Kxb1 Kf6 0-1

[Event "October Lviv Tradition"]
[Site "Lviv"]
[Date "2018.10.26"]
[Round "4.5"]
[White "Mosesov, Danylo"]
[Black "Kyrychenko, Maryan"]
[Result "1-0"]
[WhiteElo "2284"]
[BlackElo "2236"]
[PlyCount "85"]
[EventDate "2018.??.??"]

1. e4 c5 2. Nf3 d6 3. d4 cxd4 4. Nxd4 Nf6 5. Nc3 a6 6. Bg5 Nbd7 7. Bc4 Qc7 8.
Bb3 Nc5 9. Qe2 e6 10. O-O-O Be7 11. Kb1 Nxb3 12. cxb3 O-O 13. f4 b5 14. Rc1 Qb7
15. h4 b4 16. e5 bxc3 17. exf6 Bxf6 18. Bxf6 gxf6 19. Rxc3 e5 20. Nc6 Bf5+ 21.
Ka1 Rac8 22. Rhc1 Qd7 23. Qh5 Kg7 24. Qf3 h6 25. a4 Qe6 26. Ka2 Kh7 27. Re1 Qd7
28. Rec1 Qe6 29. Rf1 Bg4 30. Qd3+ f5 31. Qxa6 Ra8 32. Qb5 e4 33. Re1 d5 34. Rc5
Rfc8 35. Rec1 Qd6 36. Rxd5 Qxf4 37. Rf1 Qc7 38. Ne5 Rab8 39. Qd7 Qxd7 40. Rxd7
Re8 41. Nxg4 fxg4 42. Rdxf7+ Kg6 43. R1f5 1-0

[Event "October Lviv Tradition"]
[Site "Lviv"]
[Date "2018.10.26"]
[Round "5.1"]
[White "Kyrychenko, Maryan"]
[Black "Voloshynskyi, Liubomyr"]
[Result "1/2-1/2"]
[WhiteElo "2236"]
[BlackElo "2103"]
[PlyCount "69"]
[EventDate "2018.??.??"]

1. e4 e5 2. Nf3 Nc6 3. d4 exd4 4. Nxd4 Nf6 5. Nxc6 bxc6 6. e5 Qe7 7. Qe2 Nd5 8.
c4 Ba6 9. b3 g6 10. g3 Bg7 11. Bb2 O-O 12. Bg2 Rae8 13. O-O Bxe5 14. Qxe5 Qxe5
15. Bxe5 Rxe5 16. cxd5 Bxf1 17. Kxf1 cxd5 18. Nc3 c6 19. Rc1 Rb8 20. Na4 Rb4
21. Nc5 Re7 22. Bf3 f5 23. h3 Kf7 24. Rc2 g5 25. Rd2 d6 26. Na4 Ke6 27. Nc3 d4
28. Nd1 d5 29. Nb2 Kd6 30. Bd1 c5 31. Bc2 Rf7 32. Bd3 Rbb7 33. Rc2 f4 34. g4
Rfe7 35. Bf5 $11 1/2-1/2

[Event "October Lviv Tradition"]
[Site "Lviv"]
[Date "2018.10.26"]
[Round "5.2"]
[White "Czerw, Dawid"]
[Black "Mosesov, Danylo"]
[Result "1/2-1/2"]
[WhiteElo "2286"]
[BlackElo "2284"]
[PlyCount "61"]
[EventDate "2018.??.??"]

1. d4 Nf6 2. c4 e6 3. Nf3 b6 4. g3 Bb7 5. Bg2 Be7 6. O-O O-O 7. Re1 d5 8. Ne5
c5 9. cxd5 Nxd5 10. dxc5 Bxc5 11. Nd3 Nd7 12. Nxc5 Nxc5 13. Bd2 Qc7 14. b4 Nd7
15. Na3 Ne5 16. Rc1 Qe7 17. Nc4 Nxc4 18. Rxc4 Rac8 19. Rxc8 Rxc8 20. Qb3 Rd8
21. Rc1 h6 22. Qb2 e5 23. Bc3 Nxc3 24. Qxc3 Rc8 25. Qd2 Rxc1+ 26. Qxc1 Bxg2 27.
Kxg2 Qxb4 28. Qc8+ Qf8 29. Qb7 Qc5 30. Qb8+ Kh7 31. Qxa7 $11 1/2-1/2

[Event "October Lviv Tradition"]
[Site "Lviv"]
[Date "2018.10.26"]
[Round "5.3"]
[White "Shkuran, Danylo"]
[Black "Bondarets, Vadim"]
[Result "1/2-1/2"]
[WhiteElo "2371"]
[BlackElo "2246"]
[PlyCount "60"]
[EventDate "2018.??.??"]

1. e4 d6 2. d4 Nf6 3. Nc3 g6 4. Be2 Bg7 5. Nf3 O-O 6. O-O c6 7. e5 Nd5 8. Bd2
Bg4 9. exd6 Qxd6 10. Nxd5 cxd5 11. c3 Nc6 12. Re1 Bxf3 13. Bxf3 b5 14. g3 b4
15. Qa4 e6 16. Bg2 Rfc8 17. Rad1 bxc3 18. bxc3 Ne7 19. Rb1 Rc4 20. Qb3 Rac8 21.
Qb7 Qd8 22. Rb4 Rxb4 23. Qxb4 Nc6 24. Qa4 Qa5 25. Qxa5 Nxa5 26. Rb1 Nc4 27. Be1
Nb6 28. Kf1 Kf8 29. Ke2 Ke8 30. Kd3 Kd7 $11 1/2-1/2

[Event "October Lviv Tradition"]
[Site "Lviv"]
[Date "2018.10.26"]
[Round "5.4"]
[White "Nester, Ihor"]
[Black "Tokranovs, Dmitrijs"]
[Result "1-0"]
[WhiteElo "2329"]
[BlackElo "2332"]
[PlyCount "59"]
[EventDate "2018.??.??"]

1. Nf3 d5 2. d4 Nf6 3. c4 dxc4 4. e3 a6 5. Bxc4 b5 6. Bb3 Bb7 7. O-O e6 8. a4
Nbd7 9. Qe2 c5 10. Nbd2 c4 11. Bc2 Be7 12. e4 h6 13. e5 Nd5 14. Ne4 Qb6 15. Bd2
Nb4 16. Bb1 Nb8 17. Ng3 N8c6 18. axb5 axb5 19. Rxa8+ Bxa8 20. Nh5 g6 21. Nf6+
Bxf6 22. exf6 g5 23. Be4 Qd8 24. Ra1 Nd3 25. d5 g4 26. dxc6 gxf3 27. Qxf3 Ne5
28. Qh5 Nxc6 29. Qc5 Kd7 30. Bxc6+ 1-0

[Event "October Lviv Tradition"]
[Site "Lviv"]
[Date "2018.10.26"]
[Round "5.5"]
[White "Fiedorek, Michal"]
[Black "Karpus, Michal"]
[Result "1/2-1/2"]
[WhiteElo "2128"]
[BlackElo "2372"]
[PlyCount "70"]
[EventDate "2018.??.??"]

1. e4 e5 2. Nf3 Nc6 3. Bb5 a6 4. Ba4 Nf6 5. O-O Be7 6. Re1 b5 7. Bb3 d6 8. a4
Bg4 9. c3 O-O 10. d3 Na5 11. Bc2 c5 12. Nbd2 Re8 13. Nf1 h6 14. Ne3 Bh5 15. Nf5
Bf8 16. h3 d5 17. Qe2 d4 18. cxd4 exd4 19. g4 Bg6 20. N3h4 Nd5 21. Bd2 Nb4 22.
Bxb4 cxb4 23. axb5 axb5 24. f4 Bh7 25. Nf3 Bc5 26. Kh1 f6 27. Nd2 Rc8 28. Nb3
Nb7 29. Rac1 Kh8 30. Qf2 Bb6 31. Qd2 Qc7 32. Nfxd4 Bg8 33. Nf5 Nd6 34. Nbd4
Nxf5 35. Nxf5 Qb8 $11 1/2-1/2

[Event "October Lviv Tradition"]
[Site "Lviv"]
[Date "2018.10.27"]
[Round "6.1"]
[White "Voloshynskyi, Liubomyr"]
[Black "Karpus, Michal"]
[Result "1/2-1/2"]
[WhiteElo "2103"]
[BlackElo "2372"]
[PlyCount "52"]
[EventDate "2018.??.??"]

1. e4 e5 2. Nf3 Nc6 3. Bb5 a6 4. Ba4 Nf6 5. O-O Be7 6. Re1 b5 7. Bb3 d6 8. c3
O-O 9. h3 Na5 10. Bc2 c5 11. d4 Nd7 12. Nbd2 exd4 13. cxd4 Nc6 14. e5 d5 15.
Nb3 c4 16. Nbd2 f6 17. e6 Nb6 18. Ng5 fxg5 19. Qh5 g6 20. Bxg6 hxg6 21. Qxg6+
Kh8 22. Qh6+ Kg8 23. Qg6+ Kh8 24. Qh6+ Kg8 25. Qg6+ Kh8 26. Qh6+ Kg8 $11
1/2-1/2